[Event "10th Philadelphia International"]
[Site "Philadelphia, PA"]
[Date "2016.07.10"]
[Round "9"]
[White "Zhang, Chao"]
[Black "Proleiko, Julian"]
[Result "0-1"]
[WhiteElo "2156"]
[BlackElo "2100"]
[PlyCount "116"]
[EventDate "2016.07.??"]
[EventType "swiss"]
[EventRounds "9"]
[EventCountry "USA"]

1. e4 c5 2. Nf3 d6 3. Nc3 a6 4. d4 cxd4 5. Nxd4 Nf6 6. Bg5 e6 7. f4 h6 8. Bxf6
Qxf6 9. Qd2 g5 10. Nde2 Nd7 11. O-O-O b5 12. a3 gxf4 13. Nxf4 Bb7 14. g3 Ne5
15. Be2 Nc4 16. Bxc4 bxc4 17. Qe3 O-O-O 18. Qb6 Qe5 19. Rhe1 Bg7 20. Qb4 Qc5
21. Qxc5+ dxc5 22. Na4 Rxd1+ 23. Kxd1 Bc6 24. Nb6+ Kc7 25. Nxc4 Bb5 26. b3 Bc3
27. Rf1 Rd8+ 28. Nd3 f6 29. Kc1 Bxc4 30. bxc4 Kc6 31. Nf4 Rd4 32. Rf3 Bd2+ 33.
Kb2 Rxe4 34. Kb3 f5 35. Nd3 Bg5 36. Rf2 Re3 37. Kb2 Bf6+ 38. Kc1 Re4 39. Nf4
Bg5 40. Kd1 Bxf4 41. gxf4 Rxc4 42. Rf3 Kd5 43. Kd2 Rd4+ 44. Ke2 h5 45. Rh3 Rxf4
46. Rxh5 Ra4 47. Rh3 Rg4 48. Rd3+ Kc4 49. Kf2 e5 50. Rf3 f4 51. Rb3 Rh4 52. Kg2
e4 53. Rb6 Kd4 54. Rxa6 Ke3 55. Rf6 Ke2 56. a4 f3+ 57. Kg3 Rh8 58. a5 e3 0-1

[Event "10th Philadelphia International"]
[Site "Philadelphia, PA"]
[Date "2016.07.10"]
[Round "9"]
[White "Zhou, Guijue"]
[Black "De Fotis, Gary"]
[Result "1/2-1/2"]
[WhiteElo "2238"]
[BlackElo "1983"]
[PlyCount "76"]
[EventDate "2016.07.??"]
[EventType "swiss"]
[EventRounds "9"]
[EventCountry "USA"]

1. e4 c5 2. Nf3 d6 3. c3 Nf6 4. h3 g6 5. Bd3 Bg7 6. Bc2 O-O 7. O-O Nc6 8. d4
Qc7 9. Be3 b6 10. d5 Ne5 11. Nh2 e6 12. Na3 exd5 13. exd5 Ba6 14. Re1 c4 15. f4
Nd3 16. Bxd3 cxd3 17. c4 Ne4 18. Rb1 Bxc4 19. Rc1 d2 20. Bxd2 Nxd2 21. Qxd2 b5
22. Kh1 Qb7 23. Nxc4 bxc4 24. Rxc4 Qxb2 25. Qxb2 Bxb2 26. Nf3 a5 27. Re7 Rac8
28. Rcc7 Rxc7 29. Rxc7 h6 30. Nd2 Ba3 31. Nc4 Bc5 32. Rc6 Re8 33. Nxa5 Re1+ 34.
Kh2 Rd1 35. Nb3 Rxd5 36. Nxc5 dxc5 37. a4 Rd4 38. Rxc5 Rxa4 1/2-1/2

[Event "10th Philadelphia International"]
[Site "Philadelphia, PA"]
[Date "2016.07.10"]
[Round "9"]
[White "Nieto, Guillermo"]
[Black "Wang, Tianqi"]
[Result "0-1"]
[WhiteElo "1894"]
[BlackElo "2189"]
[PlyCount "152"]
[EventDate "2016.07.??"]
[EventType "swiss"]
[EventRounds "9"]
[EventCountry "USA"]

1. e4 c6 2. d4 d5 3. exd5 cxd5 4. Bd3 Nc6 5. c3 Nf6 6. Bf4 g6 7. Nf3 Bg7 8.
Nbd2 O-O 9. O-O a6 10. Qe2 Bg4 11. h3 Bxf3 12. Nxf3 e6 13. Ne5 Qc8 14. Rae1 Nd7
15. Nxd7 Qxd7 16. Bh2 Rfe8 17. f4 Rac8 18. g4 f5 19. Kh1 Na5 20. Rg1 Nc4 21.
Bxc4 Rxc4 22. Rg3 Rcc8 23. Re3 Kf7 24. gxf5 exf5 25. Rxe8 Rxe8 26. Qxe8+ Qxe8
27. Rxe8 Kxe8 28. Kg2 Bh6 29. Kf3 Kf7 30. Bg3 g5 31. fxg5 Bxg5 32. b3 b5 33.
Bf4 Kg6 34. Bd6 Kh5 35. Bb4 Kh4 36. Kg2 f4 37. c4 bxc4 38. bxc4 dxc4 39. d5 Bf6
40. d6 c3 41. d7 c2 42. Bd2 f3+ 43. Kxf3 Kxh3 44. Bh6 Bd8 45. Ke2 Kg4 46. Kd2
Kf5 47. Kxc2 Ke6 48. Kd3 Kxd7 49. Kc4 Kc6 50. Kb4 Kd5 51. a4 Bb6 52. Kc3 Ke4
53. Kd2 Bc7 54. Ke2 Bf4 55. Bf8 h5 56. Be7 Bg3 57. Kf1 Kf3 58. Kg1 h4 59. Kh1
h3 60. Bf6 Ke2 61. Bg5 Kd3 62. Bf6 Kc4 63. Be7 Kb3 64. Bf6 Kxa4 65. Bd8 Kb5 66.
Kg1 Kc6 67. Ba5 Bc7 68. Bd2 Kb5 69. Kh1 Bd6 70. Bc3 Bb4 71. Bb2 a5 72. Kh2 Kc4
73. Kxh3 Kb3 74. Bc1 Kc2 75. Bf4 a4 76. Be5 a3 0-1

[Event "10th Philadelphia International"]
[Site "Philadelphia, PA"]
[Date "2016.07.10"]
[Round "9"]
[White "Odeh, Kenneth"]
[Black "Shepherd, Duncan"]
[Result "1-0"]
[WhiteElo "2032"]
[BlackElo "1687"]
[PlyCount "73"]
[EventDate "2016.07.??"]
[EventType "swiss"]
[EventRounds "9"]
[EventCountry "USA"]

1. e4 c5 2. Ne2 d5 3. exd5 Nf6 4. c4 e6 5. dxe6 Bxe6 6. Nf4 Bf5 7. d3 Nc6 8.
Nc3 Bd6 9. Be2 O-O 10. O-O Bxf4 11. Bxf4 Nb4 12. Bg5 Bxd3 13. a3 Bxe2 14. Qxe2
Nc6 15. Nd5 Nd4 16. Qd3 Qd6 17. Nxf6+ gxf6 18. Bh6 Rfe8 19. Qg3+ Qxg3 20. hxg3
Re5 21. g4 Rae8 22. Rfd1 f5 23. g5 f4 24. b4 f6 25. bxc5 Ne2+ 26. Kf1 fxg5 27.
Rd7 Rxc5 28. Rxb7 Nd4 29. Rg7+ Kh8 30. Rxg5 Rxg5 31. Bxg5 Nc2 32. Rd1 Nxa3 33.
c5 Kg7 34. Bxf4 Rc8 35. Rd7+ Kg6 36. Rxa7 Nb5 37. Ra6+ 1-0

[Event "10th Philadelphia International"]
[Site "Philadelphia, PA"]
[Date "2016.07.10"]
[Round "9"]
[White "Nieto, Manuel"]
[Black "Slade, Theodore"]
[Result "1/2-1/2"]
[WhiteElo "1994"]
[BlackElo "2018"]
[PlyCount "94"]
[EventDate "2016.07.??"]
[EventType "swiss"]
[EventRounds "9"]
[EventCountry "USA"]

1. d4 Nf6 2. c4 e6 3. Nf3 d5 4. Nc3 Be7 5. Bf4 O-O 6. e3 Nbd7 7. c5 c6 8. Bd3
b6 9. b4 a5 10. a3 Ba6 11. O-O Qc8 12. h3 Bd8 13. Ne5 Nxe5 14. Bxe5 Nd7 15. Bd6
Re8 16. Qe2 Bxd3 17. Qxd3 Bc7 18. Bxc7 Qxc7 19. Rfc1 Qb7 20. Rcb1 axb4 21. axb4
Rxa1 22. Rxa1 Ra8 23. Qb1 bxc5 24. bxc5 Rxa1 25. Qxa1 g6 26. Qa5 Kg7 27. Qd8
Nf6 28. Qb6 Qa8 29. Qb2 Nd7 30. Na2 Qb8 31. Qxb8 Nxb8 32. Nb4 Kf6 33. Kf1 Ke7
34. Ke2 Kd7 35. Kf3 Kc7 36. h4 Nd7 37. Kf4 f6 38. g4 h6 39. g5 e5+ 40. Kg3 fxg5
41. hxg5 hxg5 42. Kg4 exd4 43. exd4 Nf6+ 44. Kxg5 Ne4+ 45. Kxg6 Nxf2 46. Kf5
Ne4 47. Ke5 Nc3 1/2-1/2